00257nam a2200121Ia 4500100002000000650001200020366000700032245002400039260003300063082000800096300000800104546002300112 aMulk Raj Anand  aFiction f25 aGreat short stories bJaico Publishing Housec2014 bMUL a245 aENGLISHcComputers